Central Library OPAC University of Rajshahi

The methods and materials of demography / (Record no. 22803)

MARC details
000 -LEADER
fixed length control field 01095cam a2200325 i 4500
001 - CONTROL NUMBER
control field 22803
003 - CONTROL NUMBER IDENTIFIER
rucl marc code BD-RjUL
005 - DATE AND TIME OF LATEST TRANSACTION
control field 20211209000844.0
008 - FIXED-LENGTH DATA ELEMENTS--GENERAL INFORMATION
fixed length control field 140309s1976 nyua b 001 0 eng
020 ## - INTERNATIONAL STANDARD BOOK NUMBER
International Standard Book Number 0126411506
035 ## - SYSTEM CONTROL NUMBER
System control number (BD-RjUL)22868
040 ## - CATALOGING SOURCE
Original cataloging agency DLC
Transcribing agency DLC
Modifying agency BD-RjUL
Language of cataloging eng
041 ## - LANGUAGE CODE
Language code of text/sound track or separate title eng
082 00 - DEWEY DECIMAL CLASSIFICATION NUMBER
Classification number 301.320182
Author mark and year SHM 1976
100 1# - MAIN ENTRY--PERSONAL NAME
Personal name Shryock, Henry S.
9 (RLIN) 70325
245 14 - TITLE STATEMENT
Title The methods and materials of demography /
Statement of responsibility, etc. Henry S. Shryock, Jacob S. Siegel, and associates.
250 ## - EDITION STATEMENT
Edition statement Condensed ed.
260 ## - PUBLICATION, DISTRIBUTION, ETC. (IMPRINT)
Place of publication, distribution, etc. New York :
Name of publisher, distributor, etc. Academic Press,
Date of publication, distribution, etc. c1976.
300 ## - PHYSICAL DESCRIPTION
Pagination ix, 577 p. :
Illustrations ill. ;
Size 29 cm.
504 ## - BIBLIOGRAPHY, ETC. NOTE
Bibliography, etc Includes bibliographies and index.
650 #0 - SUBJECT ADDED ENTRY--TOPICAL TERM
Topical term or geographic name as entry element Demography.
9 (RLIN) 70327
700 1# - ADDED ENTRY--PERSONAL NAME
Personal name Siegel, Jacob S.
Personal name Stockwell, Edward G.
856 42 - ELECTRONIC LOCATION AND ACCESS
Materials specified Publisher description
Uniform Resource Identifier <a href="http://www.loc.gov/catdir/description/els031/76018312.html">http://www.loc.gov/catdir/description/els031/76018312.html</a>
Materials specified Table of contents
Uniform Resource Identifier <a href="http://www.loc.gov/catdir/toc/els031/76018312.html">http://www.loc.gov/catdir/toc/els031/76018312.html</a>
942 ## - ADDED ENTRY ELEMENTS (KOHA)
Source of classification or shelving scheme Dewey Decimal Classification
Koha item type Books
Holdings
Lost status Source of classification or shelving scheme Damaged status Not for loan Collection code Permanent Location Current Location Shelving location Date acquired Source of acquisition Cost, normal purchase price Total Checkouts Full call number Date last seen Copy number Koha item type Date checked out
  Dewey Decimal Classification     Non-fiction Central Library, University of Rajshahi Central Library, University of Rajshahi   01/08/1988 Manik Bro. 18.50   301.320182 SHM 1976 09/03/2014 C-4 Books  
  Dewey Decimal Classification     Non-fiction Central Library, University of Rajshahi Central Library, University of Rajshahi   01/08/1988 Manik Boro 18.50 2 301.320182 SHM 1976 24/10/2017 C-8 Books 08/10/2017
  Dewey Decimal Classification     Non-fiction Central Library, University of Rajshahi Central Library, University of Rajshahi   01/08/1988 Manik Boro 18.50 1 301.320182 SHM 1976 28/03/2017 C-5 Books 08/03/2017
  Dewey Decimal Classification     Non-fiction Central Library, University of Rajshahi Central Library, University of Rajshahi   01/08/1988 Manik Boro 18.50 3 301.320182 SHM 1976 11/09/2017 C-6 Books 08/08/2017
  Dewey Decimal Classification     Non-fiction Central Library, University of Rajshahi Central Library, University of Rajshahi   08/05/1983 Heffers. 18.20   301.320182 SHM 1976 10/06/2014 C-2 Books  
  Dewey Decimal Classification   Not For Loan Non-fiction Central Library, University of Rajshahi Central Library, University of Rajshahi Reading Room 01/08/1988 Manik Brothers 18.50   301.320182 SHM 1976 13/04/2017 C-1 Books  
  Dewey Decimal Classification     Non-fiction Central Library, University of Rajshahi Central Library, University of Rajshahi General Stacks 08/05/1983 Heffers 18.20   301.320182 SHM 1976 29/11/2023 C-3 Books